000 00283nam a22001337a 4500
008 171013b xxu||||| |||| 00| 0 eng d
020 _a0205522157
041 _aeng
080 _27TH
_a316
100 _a50
101 _aSOC
245 _aSOCIAL WELFARE
_cAXINN,J
942 _2udc
_cBK
999 _c33555
_d33555